00414 2200157 4500001002100000008004100021035002000062245005000082100002100132260002500153300002200178020002200200084001400222082000800236990001200244INLIS000000000002753 IND  a0010-0925000100 aJejak Langkah Menembus AwancEidelweis Almira aEidelweis Almira aJakartabZettuc2013 a208c(13 x 19 cm) a978-602-7735-67-5 a813 EID c a813 a0754975